| 000 | 00824cam a22002893a 4500 | ||
|---|---|---|---|
| 001 | 28597 | ||
| 003 | PGUSA | ||
| 005 | 20140828083622.0 | ||
| 008 | 090424s2009||||xxu|||||s|||||000 1 eng d | ||
| 040 |
_aPGUSA _beng |
||
| 042 | _adc | ||
| 050 | 4 | _aPS | |
| 100 | 1 |
_aDunn, J. Allan, _q(Joseph Allan), _d1872-1941 |
|
| 245 | 1 | 2 |
_aA Man to His Mate _h[electronic resource] / _cJ. Allan, Dunn |
| 260 |
_bProject Gutenberg, _c2009 |
||
| 506 | _aPublic domain in the USA. | ||
| 516 | _aElectronic text | ||
| 653 | _aLove stories | ||
| 653 | _aSea stories | ||
| 653 | _aGold mines and mining -- Fiction | ||
| 653 | _aAdventure stories | ||
| 653 | _aMutiny -- Fiction | ||
| 700 | 1 |
_aMulford, Stockton, _d1886-1960 |
|
| 830 | 0 |
_aProject Gutenberg _v28597 |
|
| 856 | 4 | 0 | _uhttp://www.gutenberg.org/ebooks/28597 |
| 942 | _cEB | ||
| 999 |
_c257852 _d257852 |
||